Factores psico-sociales que inciden en la disposición a usar la fuerza por parte de efectivos policiales de Mérida y Trujillo. = Psycho-social factors affecting the disposition to use force among police officers in Méridad and Trujillo /

Saved in:
Bibliographic Details
Main Author: Carrillo Gómez, Nathalie Mariel
Format: Text
Subjects:
Tags: Add Tag
No Tags, Be the first to tag this record!

MARC

LEADER 00000 a a2200000 04500
001 2456
003
040
100 |a Carrillo Gómez, Nathalie Mariel  
245 |a Factores psico-sociales que inciden en la disposición a usar la fuerza por parte de efectivos policiales de Mérida y Trujillo. =   |b Psycho-social factors affecting the disposition to use force among police officers in Méridad and Trujillo /  |c Nathalie Mariel Carrillo Gómez 
500 |a Resumen también en inglés  
650 |a POLICIA  
650 |a AUTORITARISMO  
650 |a AGRESION  
650 |a PERSONALIDAD  
650 |a COMPORTAMIENTO SOCIAL  
650 |a CONDICION SOCIAL  
650 |a COMPORTAMIENTO SOCIAL  
650 |a AGRESION  
650 |a AUTORITARISMO  
773 |g volumen 32, número 2; páginas 191-215  
999 |c 38707  |d 38707